00527nam a2200121Ia 4500008004100000245007900041245008000120260000900200650001500209856008900224999001900313952007300332171204s9999 xx 000 0 und d aDesigning Evolvable Web APIs with ASP.NET: Harnessing the power of the web cDarrel Miller, Glenn Block, Howard Dierking, Pablo Cibraro, and Pedro Felix c2014 xWeb Design uhttp://down.ebook777.com/020/Designing%20Evolvable%20Web%20APIs%20with%20ASP.NET.pdf c345993d345993 001040aCLbCLd2017-12-04l0r2017-12-04 00:00:00w2017-12-04yCBE